Statistiques concernant Trouve la fleur

Cliquez ici pour prendre le quiz!

Statistiques générales

  • Ce quiz a été pris 287 fois
  • Le résultat moyen est 11 sur 15

Statistiques - réponses

Réponse% Correct
tournesol
99%
tulipe
99%
rose
97%
coquelicot
96%
marguerite
93%
muguet
91%
orchidée
90%
pissenlit
84%
lys
82%
hortensia
76%
iris
62%
perce-neige
50%
edelweiss
49%
bleuet
48%
azalée
3%

Distribution des résultats

Percentile par nombre de réponses

% des personnes avec chaque résultat

Votre développement - résultats

Vous n’avez pas pris ce quiz